Normal view MARC view

Entry Topical Term

Number of records used in: 1

001 - CONTROL NUMBER

  • control field: 247253

003 - CONTROL NUMBER IDENTIFIER

  • control field: OSt

005 - DATE AND TIME OF LATEST TRANSACTION

  • control field: 20251202112212.0

008 - FIXED-LENGTH DATA ELEMENTS

  • fixed length control field: 251202|| aca||aabn | a|a d

040 ## - CATALOGING SOURCE

  • Original cataloging agency: OSt
  • Transcribing agency: OSt

150 ## - HEADING--TOPICAL TERM

  • Topical term or geographic name entry element: Radiation and Radioactive Pollution

670 ## - SOURCE DATA FOUND

  • Source citation: Work cat.: (OSt)240694: Chatwal G R 247250, Text book of environmental studies, Mumbai